Statistics for future nba hall of famers quiz

Click here to take the quiz!

General Stats

  • This quiz has been taken 47 times
  • The average score is 5 of 15

Answer Stats

star players in nba Answer % Correct
warriors playercurry
98%
rockets playerharden
67%
warriors playerkevin
54%
warriors playerklay
54%
thunder playerrussell
52%
blazers playerlillard
39%
rockets playerchris paul
30%
thunder playercarmelo
28%
future duke star playerzion williamson
13%
future nba superstartrae young
7%
alabama star playercollin sexton
4%
star blazers playercj mcollum
4%
thunder playerpaul goerge
0%
utah playerdonvanta michell
0%
mavs playerdennis smith
0%

Score Distribution

Percentile by Number Answered

Percent of People with Each Score

Your Score History

You have not taken this quiz